<?xml version="1.0" encoding="UTF-8"?>
<record
    xmlns:xsi="http://www.w3.org/2001/XMLSchema-instance"
    xsi:schemaLocation="http://www.loc.gov/MARC21/slim http://www.loc.gov/standards/marcxml/schema/MARC21slim.xsd"
    xmlns="http://www.loc.gov/MARC21/slim">

  <leader>02396nam a22003137a 4500</leader>
  <controlfield tag="003">OSt</controlfield>
  <controlfield tag="005">20240209120955.0</controlfield>
  <controlfield tag="008">210217b 2020 dr abc 00| 0 eng d</controlfield>
  <datafield tag="020" ind1=" " ind2=" ">
    <subfield code="a">9789945613438</subfield>
  </datafield>
  <datafield tag="040" ind1=" " ind2=" ">
    <subfield code="a">DO-SdBNP</subfield>
    <subfield code="b">spa</subfield>
    <subfield code="c">BPMSU</subfield>
  </datafield>
  <datafield tag="082" ind1=" " ind2="4">
    <subfield code="a">972.93052 </subfield>
    <subfield code="b">B333n 2020</subfield>
    <subfield code="2">22</subfield>
  </datafield>
  <datafield tag="100" ind1="1" ind2=" ">
    <subfield code="a">Batlle P&#xE9;rez, Fernando Arturo, </subfield>
    <subfield code="d">1938-</subfield>
  </datafield>
  <datafield tag="245" ind1="1" ind2="0">
    <subfield code="a">Naufragio del crucero acorazado USS Memphis :</subfield>
    <subfield code="b">la ola que llevaba el alma de la Patria /</subfield>
    <subfield code="c">Fernando Arturo Batlle P&#xE9;rez ; pr&#xF3;logo : Jos&#xE9; Chez Checo.</subfield>
  </datafield>
  <datafield tag="260" ind1=" " ind2=" ">
    <subfield code="a">Santo Domingo :</subfield>
    <subfield code="b">Archivo General de la Naci&#xF3;n,</subfield>
    <subfield code="c">2020.</subfield>
  </datafield>
  <datafield tag="300" ind1=" " ind2=" ">
    <subfield code="a">406 p. :</subfield>
    <subfield code="b">il., mapas retrs. ; </subfield>
    <subfield code="c">23 cm. </subfield>
  </datafield>
  <datafield tag="490" ind1="0" ind2=" ">
    <subfield code="a">Archivo General de la Naci&#xF3;n,</subfield>
    <subfield code="v">377</subfield>
  </datafield>
  <datafield tag="500" ind1=" " ind2=" ">
    <subfield code="a">Incluye datos biogr&#xE1;ficos del autor en la solapa de la cubierta</subfield>
  </datafield>
  <datafield tag="500" ind1=" " ind2=" ">
    <subfield code="a">Incluye referencias bibliogr&#xE1;ficas y notas al pie de las p&#xE1;ginas</subfield>
  </datafield>
  <datafield tag="500" ind1=" " ind2=" ">
    <subfield code="a">Incluye &#xED;ndice onom&#xE1;stico</subfield>
  </datafield>
  <datafield tag="505" ind1="0" ind2=" ">
    <subfield code="a">Pr&#xF3;logo </subfield>
    <subfield code="r"> Jos&#xE9; Chez Checo</subfield>
    <subfield code="t">Introducci&#xF3;n --</subfield>
    <subfield code="g">Cap&#xED;tulo I</subfield>
    <subfield code="t">Escenario pol&#xED;tico-militar del naufragio del USS Memphis --</subfield>
    <subfield code="g"> Cap&#xED;tulo II</subfield>
    <subfield code="t">El escenario f&#xED;sico del naufragio del USS Memphis --</subfield>
    <subfield code="g">Cap&#xED;tulo III</subfield>
    <subfield code="t">El crucero acorazado USS Tennessee-Memphis --</subfield>
    <subfield code="t">El crucero acorazado y su importancia en el desarrollo y evoluci&#xF3;n de la Armada de los Estados Unidos de Norteam&#xE9;rica --</subfield>
    <subfield code="t">Caracter&#xED;sticas estructurales y funcionales del crucero acorazado USS Tennessee-Memphis --</subfield>
    <subfield code="t">Breve historia de sus operaciones en el mar --</subfield>
    <subfield code="t">El ca&#xF1;onero USS Castine --</subfield>
    <subfield code="g"> Cap&#xED;tulo IV</subfield>
    <subfield code="t">El naufragio del USS Memphis y su tragedia humana --</subfield>
    <subfield code="g">Cap&#xED;tulo V</subfield>
    <subfield code="t">Causa primaria y factores causales del naufragio del USS Memphis --</subfield>
    <subfield code="g">Cap&#xED;tulo VI</subfield>
    <subfield code="t">Destino del derrelicto del USS Memphis --</subfield>
    <subfield code="g">Cap&#xED;tulo VII</subfield>
    <subfield code="t">Una condena cuyos motivos flotaron en un mar de incertidumbres --</subfield>
    <subfield code="g">Cap&#xED;tulo VIII</subfield>
    <subfield code="t">De cuatro h&#xE9;roes ---</subfield>
    <subfield code="g">Cap&#xED;tulo IX</subfield>
    <subfield code="t">De un excelso relator y de una asociaci&#xF3;n de supervivientes --</subfield>
    <subfield code="t">Po&#xE9;tica, prosa, reportes period&#xED;sticos y otros documentos sobre el naufragio del USS Memphis --</subfield>
    <subfield code="t"> Ep&#xED;logo --</subfield>
  </datafield>
  <datafield tag="590" ind1=" " ind2=" ">
    <subfield code="a">Inventariado, 2024 /VM

</subfield>
  </datafield>
  <datafield tag="650" ind1=" " ind2="4">
    <subfield code="a">Naufragios </subfield>
    <subfield code="z">Rep&#xFA;blica Dominicana  </subfield>
    <subfield code="x"> </subfield>
  </datafield>
  <datafield tag="651" ind1=" " ind2="4">
    <subfield code="a">Rep&#xFA;blica Dominicana</subfield>
    <subfield code="x">Historia </subfield>
    <subfield code="y">Ocupaci&#xF3;n Norteamericana,1916-1924</subfield>
  </datafield>
  <datafield tag="651" ind1=" " ind2="4">
    <subfield code="a">Estados Unidos  </subfield>
    <subfield code="x">Armada </subfield>
    <subfield code="x">Historia </subfield>
    <subfield code="y">Siglo XX</subfield>
  </datafield>
  <datafield tag="700" ind1="1" ind2=" ">
    <subfield code="a">Chez Checo, Jos&#xE9;, </subfield>
    <subfield code="d">1949-</subfield>
    <subfield code="e">pr&#xF3;logo</subfield>
  </datafield>
  <datafield tag="710" ind1="2" ind2=" ">
    <subfield code="a">Archivo General de la Naci&#xF3;n (Rep&#xFA;blica Dominicana)</subfield>
  </datafield>
  <datafield tag="910" ind1=" " ind2=" ">
    <subfield code="a">VMateo V. Control de calidad. BPMSU</subfield>
  </datafield>
  <datafield tag="942" ind1=" " ind2=" ">
    <subfield code="2">ddc</subfield>
    <subfield code="c">BK</subfield>
  </datafield>
  <datafield tag="952" ind1=" " ind2=" ">
    <subfield code="0">0</subfield>
    <subfield code="1">0</subfield>
    <subfield code="2">ddc</subfield>
    <subfield code="4">0</subfield>
    <subfield code="7">0</subfield>
    <subfield code="8">CD</subfield>
    <subfield code="a">BPMET</subfield>
    <subfield code="b">BPMET</subfield>
    <subfield code="d">2022-03-16</subfield>
    <subfield code="l">0</subfield>
    <subfield code="o">BPMSU CD 972.93052 B333n 2020</subfield>
    <subfield code="p">BPMSU24020022</subfield>
    <subfield code="r">2022-03-16</subfield>
    <subfield code="w">2022-03-16</subfield>
    <subfield code="y">BK</subfield>
  </datafield>
  <datafield tag="952" ind1=" " ind2=" ">
    <subfield code="0">0</subfield>
    <subfield code="1">0</subfield>
    <subfield code="2">ddc</subfield>
    <subfield code="4">0</subfield>
    <subfield code="7">0</subfield>
    <subfield code="8">CD</subfield>
    <subfield code="a">BPMET</subfield>
    <subfield code="b">BPMET</subfield>
    <subfield code="d">2022-03-16</subfield>
    <subfield code="l">0</subfield>
    <subfield code="o">BPMSU CD 972.93052 B333n 2020</subfield>
    <subfield code="p">BPMSU25090024</subfield>
    <subfield code="r">2025-09-05</subfield>
    <subfield code="t">e.2</subfield>
    <subfield code="w">2022-03-16</subfield>
    <subfield code="y">BK</subfield>
  </datafield>
  <datafield tag="999" ind1=" " ind2=" ">
    <subfield code="c">14087</subfield>
    <subfield code="d">14087</subfield>
  </datafield>
</record>
